000
00284nam a22001097a 4500
082
_a
001
100
_a
Kiran Institute
245
_a
SSC CHSL 2024 TCS Pyqs Tier-I & Tier II साल्वड पेपर्स
260
_b
Kiran Pubication
_c
2025
650
_a
GK
942
_c
C. BOOKS
999
_c
68193
_d
68193